Normal view
MARC view
- هتك العرض -- الزنا (فقه إسلامي) -- هتك العرض -- قوانين و تشريعات -- مصر -- الزنا -- قوانين و تشريعات -- مصر --
Entry Topical Term
001 - CONTROL NUMBER
- control field: 44194
003 - CONTROL NUMBER IDENTIFIER
- control field: JO-AjAnu
005 - DATE AND TIME OF LATEST TRANSACTION
- control field: 20230606081323.0
008 - FIXED-LENGTH DATA ELEMENTS
- fixed length control field: 230606|| aca||aabn | a|a d
040 ## - CATALOGING SOURCE
- Original cataloging agency: JO-AjAnu
- Transcribing agency: JO-AjAnu
150 ## - HEADING--TOPICAL TERM
- Topical term or geographic name entry element: هتك العرض -- الزنا (فقه إسلامي) -- هتك العرض -- قوانين و تشريعات -- مصر -- الزنا -- قوانين و تشريعات -- مصر --
670 ## - SOURCE DATA FOUND
- Source citation: Work cat.: (JO-AjAnu)22629: محسن، عبد العزيز محمد , author 44193, الحماية الجنائية للعرض في الشريعة الاسلامية والقانون الوضعي " دراسة مقارنة "